000 00966nam a22003137a 4500
003 EG-ScBUE
005 20220102112650.0
008 110606r20031994enk f 000 j eng d
020 _a0141439696
020 _a9780141439693
040 _aEG-ScBUE
_beng
_erda
_cEG-ScBUE
_dEG-ScBUE
082 0 4 _222
_a823.8
_bWIL
100 1 _923601
_aWilde, Oscar
_d1854-1900,
_eauthor.
245 1 0 _aComplete short fiction /
_cOscar Wilde ; edited by Ian Small.
250 _aReprinted edition.
264 1 _aLondon :
_bPenguin Books,
_c2003.
300 _a279 pages ;
_c20 cm.
336 _2rdacontent
_atext
_btxt
337 _2rdamedia
_aunmediated
_bn
338 _2rdacarrier
_avolume
_bnc
490 0 _aPenguin classics
650 7 _99708
_aChildren's stories, English.
_2BUEsh
650 7 _99887
_aFairy tales.
_2BUEsh
651 _2BUEsh
653 _cJune2011
_bHHUUEENN
655 _vReading book
_934232
700 1 _924736
_aSmall, Ian,
_eeditor.
942 _2ddc
_cBB
999 _c15549
_d15549